[Event "Roncana op-B 9th"]
[Site "Santa Eulalia de Roncana"]
[Date "2015.11.21"]
[Round "7"]
[White "Martinez Arranz, Nagore"]
[Black "Espada Espanol, Gil"]
[Result "0-1"]
[WhiteElo "1671"]
[BlackElo "1724"]
[PlyCount "34"]
[EventDate "2015.10.03"]
[EventType "swiss"]
[EventRounds "8"]
[EventCountry "ESP"]
[SourceTitle "EXT 2017"]
[Source "ChessBase"]
[SourceDate "2016.10.25"]
[SourceVersion "1"]
[SourceVersionDate "2016.10.25"]
[SourceQuality "1"]

1. e4 e6 2. d3 d5 3. Nd2 c5 4. Ngf3 Nc6 5. g3 Bd6 6. Bg2 Nf6 7. 0-0 0-0 8. Re1 e5 9. b3 Bg4 10. c4 d4 11. Qc2 Nb4 12. Qd1 Nxd3 13. Re2 Qd7 14. a3 b5 15. Qc2 Nxc1 16. Rxc1 Bc7 17. b4 d3 0-1

[Event "Roncana op-B 9th"]
[Site "Santa Eulalia de Roncana"]
[Date "2015.10.17"]
[Round "2"]
[White "Lopez Torralba, Oscar"]
[Black "Martinez Arranz, Nagore"]
[Result "1-0"]
[WhiteElo "1772"]
[BlackElo "1671"]
[PlyCount "49"]
[EventDate "2015.10.03"]
[EventType "swiss"]
[EventRounds "8"]
[EventCountry "ESP"]
[SourceTitle "EXT 2017"]
[Source "ChessBase"]
[SourceDate "2016.10.25"]
[SourceVersion "1"]
[SourceVersionDate "2016.10.25"]
[SourceQuality "1"]

1. Nf3 c5 2. d4 cxd4 3. Nxd4 d6 4. g3 Nf6 5. Bg2 g6 6. Nc3 Bg7 7. 0-0 0-0 8. e4 Bd7 9. Re1 Nc6 10. Nf3 Be6 11. Ng5 Bc4 12. b3 Ba6 13. Rb1 Rc8 14. Nd5 e6 15. Nxf6+ Bxf6 16. h4 h6 17. Nh3 e5 18. Bxh6 Re8 19. c4 Nd4 20. Qg4 Qa5 21. h5 Qxa2 22. hxg6 b5 23. gxf7+ Kxf7 24. Ra1 Qd2 25. Bxd2 1-0

[Event "Barcelona Catalunya op 26th"]
[Site "Barcelona"]
[Date "2014.11.22"]
[Round "8"]
[White "Orts Gonzalez, Rafael"]
[Black "Martinez Arranz, Nagore"]
[Result "0-1"]
[WhiteElo "1700"]
[BlackElo "1810"]
[PlyCount "36"]
[EventDate "2014.09.27"]
[EventType "swiss"]
[EventRounds "9"]
[EventCountry "ESP"]
[SourceTitle "EXT 2017"]
[Source "ChessBase"]
[SourceDate "2016.10.25"]
[SourceVersion "1"]
[SourceVersionDate "2016.10.25"]
[SourceQuality "1"]

1. b3 e5 2. Bb2 Nc6 3. g3 Nf6 4. Bg2 d5 5. e3 Bc5 6. c4 0-0 7. Ne2 e4 8. 0-0 Bg4 9. Nbc3 d4 10. Nxe4 d3 11. f3 dxe2 12. Qxe2 Nxe4 13. fxg4 Qxd2 14. Rf2 Bxe3 15. Qxd2 Nxd2 16. Rd1 Bxf2+ 17. Kxf2 Rad8 18. Bc3 Ne4+ 0-1

[Event "Llinars del Valles op-B 8th"]
[Site "Llinars del Valles"]
[Date "2014.05.31"]
[Round "5"]
[White "Salinas Perez, Alvaro"]
[Black "Martinez Arranz, Nagore"]
[Result "0-1"]
[WhiteElo "1700"]
[BlackElo "1714"]
[PlyCount "52"]
[EventDate "2014.04.26"]
[EventType "swiss"]
[EventRounds "8"]
[EventCountry "ESP"]
[SourceTitle "EXT 2015"]
[Source "ChessBase"]
[SourceDate "2014.11.20"]
[SourceVersion "1"]
[SourceVersionDate "2014.11.20"]
[SourceQuality "1"]

1. d4 d5 2. Nf3 Nf6 3. Bf4 e6 4. e3 c5 5. Bd3 c4 6. Bxb8 Rxb8 7. Be2 Bd6 8. c3 0-0 9. b3 b5 10. Nbd2 Ba6 11. 0-0 Qc7 12. Qc2 Ng4 13. Ng5 Bxh2+ 14. Kh1 g6 15. Bxg4 h6 16. Ngf3 Bd6 17. e4 dxe4 18. Nxe4 f5 19. Nxd6 fxg4 20. Nd2 Qxd6 21. Qxg6+ Kh8 22. Qxh6+ Kg8 23. Qg6+ Kh8 24. Qxg4 Rf7 25. Qe2 Rh7+ 26. Kg1 Qh2# 0-1

[Event "Roncana op-C 6th"]
[Site "Santa Eulalia de Roncana"]
[Date "2012.11.17"]
[Round "6.4"]
[White "Barrios Rosas, Marti"]
[Black "Martinez Arranz, Nagore"]
[Result "0-1"]
[WhiteElo "1760"]
[BlackElo "1700"]
[PlyCount "126"]
[EventDate "2012.10.06"]
[EventType "swiss"]
[EventRounds "8"]
[EventCountry "ESP"]
[SourceTitle "EXT 2024"]
[Source "ChessBase"]
[SourceDate "2023.10.10"]
[SourceVersion "1"]
[SourceVersionDate "2023.10.10"]
[SourceQuality "1"]

1. e4 e5 2. Nf3 Nc6 3. Bb5 a6 4. Bxc6 dxc6 5. 0-0 Nf6 6. Nxe5 Qd4 7. Nf3 Qd8 8. d4 Nxe4 9. Re1 Bf5 10. Nc3 Bb4 11. a3 Bxc3 12. bxc3 0-0 13. Qd3 Re8 14. Bg5 Qd7 15. Ne5 Qd5 16. Qf3 g6 17. Rad1 f6 18. Bxf6 Nxf6 19. Qf4 Rad8 20. Nxg6 Rxe1+ 21. Rxe1 hxg6 22. Qh6 Bxc2 23. Re7 Qf7 24. Rxf7 Kxf7 25. f4 Kg8 26. f5 Bxf5 27. Qg5 Ng4 28. Qxd8+ Kf7 29. h3 Ne3 30. g4 Bd3 31. Qd7+ Kf6 32. Kf2 Nd1+ 33. Kf3 Nxc3 34. Kf4 g5+ 35. Ke3 Bb5 36. Qxc7 Nd5+ 37. Kf2 Nxc7 38. Kg3 Ne6 39. h4 gxh4+ 40. Kxh4 Nxd4 41. Kh5 c5 42. g5+ Kg7 43. g6 c4 44. a4 Bxa4 45. Kg5 c3 46. Kh5 c2 47. Kg5 c1Q+ 48. Kg4 Qg1+ 49. Kf4 Kxg6 50. Ke5 Qg3+ 51. Kxd4 Qf3 52. Ke5 Qd3 53. Kf4 Qd5 54. Kg4 Qe5 55. Kf3 Bd1+ 56. Kf2 Qe4 57. Kf1 Kf6 58. Kf2 Kg5 59. Kg3 Qf5 60. Kg2 Qf4 61. Kg1 Qf3 62. Kh2 Qf2+ 63. Kh3 Bg4# 0-1